[Event "34ème Open International d'Avoine"]
[Site "AVOINE"]
[Date "2019.07.21"]
[Round "2.36"]
[White "Dieu, Bruno"]
[Black "Warnier, Yanis"]
[Result "1-0"]
[WhiteElo "2256"]
[BlackElo "1946"]
[PlyCount "93"]
[EventDate "2019.??.??"]

1. Nc3 e5 2. Nf3 Nc6 3. d4 exd4 4. Nxd4 Nf6 5. Bg5 Bc5 6. e3 Nxd4 7. exd4 Be7
8. Qf3 c6 9. O-O-O d5 10. h3 O-O 11. Bd3 b5 12. g4 a5 13. Bf4 Ne8 14. h4 Nd6
15. Bxd6 Qxd6 16. g5 a4 17. Rdg1 b4 18. Ne2 Ba6 19. Ng3 Bxd3 20. Qxd3 b3 21. a3
Qf4+ 22. Qe3 Bd6 23. cxb3 axb3 24. Qxf4 Bxf4+ 25. Kd1 Ra4 26. Ne2 Bc7 27. Rh3
Rb8 28. Kd2 Rc4 29. Rc1 Rxc1 30. Nxc1 Bf4+ 31. Kd1 Bxc1 32. Kxc1 Kf8 33. Re3
Rb6 34. Kd2 Rb5 35. Kc3 Rb7 36. Re1 h6 37. a4 hxg5 38. hxg5 Rb6 39. a5 Ra6 40.
Kb4 g6 41. Re3 Kg7 42. Rxb3 f6 43. gxf6+ Kxf6 44. Ra3 Kf5 45. Kc5 g5 46. b4 Ke4
47. Re3+ 1-0

[Event "34ème Open International d'Avoine"]
[Site "AVOINE"]
[Date "2019.07.20"]
[Round "2.37"]
[White "Mauffrey, Hugues"]
[Black "Hingouet, Matthieu"]
[Result "0-1"]
[WhiteElo "1944"]
[BlackElo "2245"]
[PlyCount "56"]
[EventDate "2019.??.??"]
[WhiteTeam "l'Echiquier de La Ville Montreuil"]
[BlackTeam "Cavalier de la Tourelle Saint-Mande"]

1. e4 c6 2. d4 d5 3. Nc3 dxe4 4. Nxe4 Nf6 5. Nxf6+ exf6 6. c3 Bd6 7. Bd3 O-O 8.
Ne2 Re8 9. O-O Nd7 10. Ng3 Nf8 11. f4 Qc7 12. f5 Bxg3 13. hxg3 c5 14. Qg4 cxd4
15. Bh6 Ng6 16. cxd4 gxh6 17. Rac1 Qe7 18. Rfe1 Qd8 19. Red1 Bd7 20. Rc5 b6 21.
Rd5 Qe7 22. Bb5 Bxb5 23. fxg6 Qe2 24. gxh7+ Kh8 25. Qxe2 Bxe2 26. Rc1 Bg4 27.
Rc7 Rac8 28. Rxa7 Rc1+ 0-1

[Event "34ème Open International d'Avoine"]
[Site "AVOINE"]
[Date "2019.07.20"]
[Round "2.38"]
[White "Smith, Matthieu"]
[Black "Vekemans, Denis"]
[Result "1/2-1/2"]
[WhiteElo "2208"]
[BlackElo "1945"]
[PlyCount "160"]
[EventDate "2019.??.??"]
[WhiteTeam "Clichy-Echecs-92"]
[BlackTeam "Lille Université Club Echiquier du Nord"]

1. d4 Nf6 2. Nf3 c5 3. e3 g6 4. Be2 Bg7 5. O-O b6 6. b3 Nc6 7. Bb2 O-O 8. dxc5
bxc5 9. c4 d6 10. Nc3 Ne4 11. Qc1 Nxc3 12. Bxc3 Bb7 13. Bxg7 Kxg7 14. Qc3+ Kg8
15. Rfd1 Qc8 16. Qd2 Qf5 17. Qd5 Qxd5 18. cxd5 Nb4 19. Bc4 a5 20. a3 Na6 21.
Rab1 Rfb8 22. Ng5 Bc8 23. Rbc1 Nc7 24. a4 Rb4 25. Ne4 Rab8 26. Rc3 Kf8 27. Nd2
Kg7 28. Re1 Bd7 29. Kf1 Na8 30. Ke2 Nb6 31. Rec1 Be8 32. e4 f6 33. f3 Bd7 34.
Ke3 h6 35. Ke2 Kf7 36. Kd1 Kg7 37. Kc2 Be8 38. Re1 Bd7 39. f4 Rf8 40. Rd3 Bxa4
41. Rc3 Bd7 42. e5 fxe5 43. fxe5 Bf5+ 44. Kc1 a4 45. exd6 exd6 46. Re7+ Rf7 47.
Rxf7+ Kxf7 48. bxa4 Nxa4 49. Rf3 h5 50. Ra3 Kf6 51. Be2 Nb2 52. Re3 Rd4 53. Nb3
Nd3+ 54. Kd2 Rxd5 55. Bf3 Re5 56. Rxd3 Bxd3 57. Kxd3 Kg5 58. Na5 Kf4 59. Nc4
Re6 60. Bc6 h4 61. Bd5 Re1 62. Kd2 Re8 63. Bc6 Rd8 64. Bd5 g5 65. Ke2 Rb8 66.
Kf2 Rb3 67. Bg8 Rd3 68. Ke2 Rd4 69. Nb6 Ke5 70. Nc4+ Kf6 71. Nb6 Kg7 72. Bc4 g4
73. Ke3 Kf6 74. h3 Kf5 75. Bd3+ Rxd3+ 76. Kxd3 gxh3 77. gxh3 Kf4 78. Nd5+ Kg3
79. Ke3 Kxh3 80. Kf3 Kh2 1/2-1/2

[Event "34ème Open International d'Avoine"]
[Site "AVOINE"]
[Date "2019.07.20"]
[Round "2.39"]
[White "Vallet, Marc"]
[Black "Marchais, Antoine"]
[Result "1-0"]
[WhiteElo "2181"]
[BlackElo "1943"]
[PlyCount "103"]
[EventDate "2019.??.??"]
[WhiteTeam "Lille Université Club Echiquier du Nord"]
[BlackTeam "Rennes Paul Bert"]

1. Nf3 f5 2. d3 Nf6 3. e4 d6 4. Nc3 Nc6 5. Bg5 e5 6. d4 fxe4 7. Nxe4 Bf5 8. Ng3
Bg4 9. Bb5 exd4 10. Qxd4 Bxf3 11. gxf3 Be7 12. O-O-O O-O 13. Bxc6 bxc6 14. Qc4+
Kh8 15. Qxc6 h6 16. Be3 Nd7 17. f4 Nb6 18. Rhg1 Bf6 19. Nh5 Qe8 20. Qxe8 Raxe8
21. Rg6 Nc4 22. Nxf6 Rxf6 23. Rxf6 gxf6 24. Bd4 Kg7 25. b3 Nb6 26. Be3 Re4 27.
a4 Kg6 28. a5 Nc8 29. Rg1+ Kf7 30. a6 f5 31. Kd2 c5 32. c3 Ne7 33. Ra1 Nc6 34.
Kc2 Kf6 35. Rg1 Kf7 36. Ra1 Kf6 37. Rg1 Kf7 38. h4 Nb8 39. h5 Re6 40. Ra1 Nc6
41. Kd3 Re4 42. Kd2 Kf6 43. Rb1 Kf7 44. f3 Re8 45. b4 Rb8 46. b5 Ke6 47. c4 Ne7
48. Rg1 Rh8 49. Kd3 Rh7 50. Bf2 Kd7 51. Bh4 Nc8 52. Rg8 1-0

[Event "34ème Open International d'Avoine"]
[Site "AVOINE"]
[Date "2019.07.20"]
[Round "2.40"]
[White "Mathieu, Phileas"]
[Black "Kunzer, Bernard"]
[Result "1-0"]
[WhiteElo "2178"]
[BlackElo "1937"]
[PlyCount "83"]
[EventDate "2019.??.??"]
[WhiteTeam "Echiquier des Lions - Lyon Oullins"]
[BlackTeam "Club d'Echecs d'Avoine"]

1. e4 e6 2. d4 d5 3. Nd2 Nc6 4. Ngf3 Nf6 5. exd5 exd5 6. c3 Be7 7. Bd3 O-O 8.
O-O b6 9. Qc2 Bd6 10. b3 a6 11. Bb2 g6 12. Rae1 Nh5 13. Qb1 Nf4 14. Bc2 Ne7 15.
Ne5 Nf5 16. Ndf3 Nh4 17. Nxh4 Qxh4 18. g3 Nh3+ 19. Kg2 Nf4+ 20. Kh1 Qh3 21.
gxf4 Bxe5 22. Re3 Qh5 23. fxe5 Bg4 24. Bd1 f5 25. f4 Qh6 26. Rg3 Bh3 27. Rff3
Bg4 28. Rf2 Qh4 29. Bxg4 fxg4 30. Qg1 h5 31. Bc1 Rf5 32. h3 g5 33. fxg5 Raf8
34. Rxf5 Rxf5 35. Be3 gxh3 36. Kh2 Qe4 37. Rxh3 c6 38. Qg2 Qd3 39. Rf3 Qe4 40.
Rxf5 Qxf5 41. Qf2 Qg4 42. g6 1-0

[Event "34ème Open International d'Avoine"]
[Site "AVOINE"]
[Date "2019.07.20"]
[Round "2.41"]
[White "Mauffrey, Victor"]
[Black "Mancini, Mario"]
[Result "1-0"]
[WhiteElo "1936"]
[BlackElo "2166"]
[PlyCount "121"]
[EventDate "2019.??.??"]
[WhiteTeam "l'Echiquier de La Ville Montreuil"]
[BlackTeam "Cercle d'Echecs de Villepinte"]

1. Nf3 c5 2. e4 e6 3. d4 cxd4 4. Nxd4 a6 5. Be3 Nf6 6. Bd3 d6 7. O-O Nbd7 8. f3
Qc7 9. c4 Ne5 10. b3 Nxd3 11. Qxd3 Be7 12. Nc3 O-O 13. a4 Rd8 14. Rfc1 Bd7 15.
b4 Rac8 16. Nce2 Be8 17. a5 Nd7 18. f4 Qb8 19. Nc3 Nf6 20. Nf3 d5 21. cxd5 Bxb4
22. Bb6 Bc5+ 23. Bxc5 Rxc5 24. Qe3 Rdc8 25. dxe6 Ng4 26. exf7+ Bxf7 27. Qd2 Rd8
28. Nd4 Rc4 29. Nce2 Qa7 30. Rd1 Nf6 31. Qd3 Rb4 32. Rac1 Bh5 33. Rc4 Rxc4 34.
Qxc4+ Kh8 35. Qc7 Qa8 36. Rb1 Rd7 37. Qe5 Qd8 38. h3 Re7 39. Ne6 Rxe6 40. Qxe6
Bxe2 41. Rxb7 h6 42. Qe5 Qd1+ 43. Kh2 Bh5 44. Qe7 Ne8 45. Qf8+ Kh7 46. Qf5+ Bg6
47. Qe5 Qf1 48. f5 Bh5 49. Qg3 Kh8 50. Rb6 Qe2 51. e5 Qe4 52. f6 Kh7 53. Rxa6
g5 54. Ra7+ Kg8 55. a6 Bf7 56. Re7 Kf8 57. a7 Bd5 58. Qf2 Ng7 59. Rc7 Qxe5+ 60.
Qg3 Qd4 61. Qa3+ 1-0

[Event "34ème Open International d'Avoine"]
[Site "AVOINE"]
[Date "2019.07.20"]
[Round "2.42"]
[White "Algaba, Solene"]
[Black "De Lussac, Rainier"]
[Result "1/2-1/2"]
[WhiteElo "1931"]
[BlackElo "2153"]
[PlyCount "98"]
[EventDate "2019.??.??"]
[WhiteTeam "Echiquier de l'Erdre"]
[BlackTeam "Cercle d'Echecs de Nantes"]

1. e4 c5 2. Nf3 e6 3. d4 cxd4 4. Nxd4 Nc6 5. Be3 Qc7 6. Be2 a6 7. O-O Nf6 8.
Nxc6 bxc6 9. Nc3 d5 10. Bd3 Be7 11. f4 c5 12. e5 Nd7 13. Bd2 Bb7 14. Qg4 g6 15.
Kh1 Rd8 16. Rae1 c4 17. Be2 d4 18. Nd1 Nc5 19. Bf3 d3 20. cxd3 Nxd3 21. Re2 O-O
22. Be3 Bxf3 23. Qxf3 Rb8 24. Qe4 Rfc8 25. b3 Nb4 26. bxc4 Qxc4 27. Qxc4 Rxc4
28. Rb2 Rbc8 29. g3 Nd5 30. Rff2 Ba3 31. Rb3 Bf8 32. Kg2 a5 33. Nb2 Re4 34. Ba7
a4 35. Rb8 Rc3 36. Nd1 Rc1 37. Rd2 Kg7 38. Nf2 Rec4 39. Nd3 R1c2 40. Rb2 R2c3
41. Ne1 Ba3 42. Rb7 Rc7 43. Rxc7 Rxc7 44. Bf2 Bb4 45. Rd4 Bxe1 46. Bxe1 Rc2+
47. Rd2 Rc4 48. Bf2 Rc3 49. Bd4 Rc1 1/2-1/2

[Event "34ème Open International d'Avoine"]
[Site "AVOINE"]
[Date "2019.07.20"]
[Round "2.43"]
[White "Harutyunyan, Safar"]
[Black "Riou-Durand, Lionel"]
[Result "1/2-1/2"]
[WhiteElo "2149"]
[BlackElo "1936"]
[PlyCount "144"]
[EventDate "2019.??.??"]
[WhiteTeam "Echiquier Club Le Mans"]
[BlackTeam "Echiquier Guichenais"]

1. e4 e6 2. d4 d5 3. Nc3 Bb4 4. e5 Ne7 5. a3 Bxc3+ 6. bxc3 c5 7. a4 Qa5 8. Qd2
Nbc6 9. Nf3 b6 10. Bb5 Ba6 11. Rb1 O-O 12. O-O Rac8 13. Qe2 Nb8 14. Bd2 c4 15.
Bc1 Qxc3 16. Bb2 Qa5 17. Ba3 Bxb5 18. Bb4 Qxa4 19. Bxe7 Be8 20. Ng5 h6 21. Nh7
Kxh7 22. Bxf8 Qd7 23. Qg4 f5 24. exf6 gxf6 25. Qh4 Qf7 26. Bxh6 Qh5 27. Qxh5
Bxh5 28. Be3 Bg6 29. Rb2 Nc6 30. c3 Na5 31. f4 Nb3 32. g4 Be4 33. Kf2 a5 34.
Rg1 b5 35. Ra2 Rh8 36. g5 Kg6 37. Kg3 b4 38. cxb4 axb4 39. Ra4 Rb8 40. Ra6 Bf5
41. Ra7 c3 42. h4 Kh5 43. gxf6 Nd2 44. f7 b3 45. Bxd2 cxd2 46. Rb7 Rc8 47. Rd1
Kg6 48. Rxd2 Bc2 49. f5+ Bxf5 50. Rxb3 Kxf7 51. Kf4 Rc1 52. Rh2 Rf1+ 53. Rf3
Rd1 54. Ke5 Re1+ 55. Kd6 Re4 56. Rxf5+ exf5 57. Kxd5 Kg6 58. h5+ Kh6 59. Rf2
Kg5 60. Rh2 Kh6 61. Kc5 f4 62. d5 f3 63. Rf2 Rf4 64. d6 Rf7 65. Kc6 Kxh5 66. d7
Rxd7 67. Kxd7 Kg4 68. Kd6 Kg3 69. Ra2 f2 70. Ra1 Kg2 71. Ke5 f1=Q 72. Rxf1 Kxf1
{1/2-1/2 (72) Harutyunyan,S (2149)-Riou-Durand,L (1936) AVOINE 2019} 1/2-1/2

[Event "34ème Open International d'Avoine"]
[Site "AVOINE"]
[Date "2019.07.20"]
[Round "2.44"]
[White "Larand, Manuel"]
[Black "Viers, Matthieu"]
[Result "1/2-1/2"]
[WhiteElo "1921"]
[BlackElo "2144"]
[PlyCount "96"]
[EventDate "2019.??.??"]
[WhiteTeam "LEC Echiquier Limousin"]
[BlackTeam "C.E.I. Toulouse"]

1. c4 g6 2. g3 Bg7 3. Bg2 e5 4. Nc3 Ne7 5. e3 O-O 6. Nge2 d6 7. O-O a5 8. d3
Nbc6 9. h3 Be6 10. Nd5 Qd7 11. Kh2 f5 12. Rb1 Bxd5 13. cxd5 Nb4 14. a3 Na6 15.
b4 axb4 16. axb4 c6 17. dxc6 bxc6 18. b5 Nc5 19. d4 exd4 20. Nxd4 Ne4 21. Bxe4
fxe4 22. Nxc6 Nxc6 23. bxc6 Qxc6 24. Bb2 Bxb2 25. Rxb2 Rf7 26. Rd2 Raf8 27. Kg1
Qd7 28. Kg2 Rd8 29. Rd5 Qe6 30. Qd4 Rf6 31. Qd1 Rb8 32. Rd2 Ra8 33. Rb2 d5 34.
Rd2 Rf5 35. Qg4 Raf8 36. Kg1 Kg7 37. Kg2 R8f7 38. Qd1 Rh5 39. Qa1+ Kh6 40. h4
Rxh4 41. Rh1 Rxh1 42. Qxh1+ Kg7 43. Qa1+ Rf6 44. Qd4 Qf5 45. Qxd5 Qf3+ 46. Kg1
Rf5 47. Qd6 Rh5 48. Qc7+ Kh6 {
1/2-1/2 (48) Larand,M (1921)-Viers,M (2144) AVOINE 2019} 1/2-1/2

[Event "34ème Open International d'Avoine"]
[Site "AVOINE"]
[Date "2019.07.20"]
[Round "2.45"]
[White "Frick, Christoph"]
[Black "Marazanof, Jean-Francois"]
[Result "1/2-1/2"]
[WhiteElo "2134"]
[BlackElo "1924"]
[PlyCount "102"]
[EventDate "2019.??.??"]
[WhiteTeam "Mulhouse Philidor"]
[BlackTeam "l'Echiquier de La Ville Montreuil"]

1. d4 d6 2. e4 Nf6 3. Nc3 g6 4. Nf3 Bg7 5. h3 a6 6. Be3 b5 7. a3 O-O 8. Qd2 Bb7
9. Bd3 Nbd7 10. O-O c5 11. d5 e6 12. dxe6 fxe6 13. Rfe1 Qc7 14. Bh6 Rae8 15.
Bxg7 Kxg7 16. Rad1 d5 17. exd5 exd5 18. Rxe8 Rxe8 19. Re1 Rxe1+ 20. Qxe1 Qd6
21. Bxb5 d4 22. Ng5 Qe5 23. Qxe5 Nxe5 24. Na4 axb5 25. Nxc5 Bd5 26. Nge6+ Kf7
27. Nxd4 Nc4 28. Nd3 Be4 29. Nxb5 Bxd3 30. cxd3 Nxb2 31. d4 Ke6 32. Nc3 Nd5 33.
Ne4 h6 34. g3 Nc7 35. Nc3 Nd5 36. Ne2 g5 37. Kg2 Nc7 38. Kf3 Nb5 39. Kg4 Nxa3
40. Kh5 Nd3 41. f3 Nf2 42. h4 gxh4 43. gxh4 Kf6 44. Kxh6 Nh3 45. Nc3 Nc2 46.
Ne4+ Kf5 47. d5 Nd4 48. Ng5 Ng1 49. d6 Ngxf3 50. Nxf3 Nxf3 51. d7 Ne5 {
1/2-1/2 (51) Frick,C (2134)-Marazanof,J (1924) AVOINE 2019} 1/2-1/2

[Event "34ème Open International d'Avoine"]
[Site "AVOINE"]
[Date "2019.07.20"]
[Round "2.46"]
[White "Primel, Dominique"]
[Black "Budak, Rewi"]
[Result "1-0"]
[WhiteElo "1916"]
[BlackElo "2132"]
[PlyCount "99"]
[EventDate "2019.??.??"]
[WhiteTeam "Club d'Echecs de Sautron"]
[BlackTeam "LEC Echiquier Limousin"]

1. d4 c5 2. d5 Nf6 3. Bg5 Qb6 4. Nc3 Qxb2 5. Bd2 Qb6 6. e4 d6 7. f4 Bg4 8. Nf3
g6 9. Bb5+ Nfd7 10. Rb1 Qc7 11. O-O Bg7 12. h3 Bxf3 13. Qxf3 O-O 14. e5 dxe5
15. f5 a6 16. Bd3 c4 17. Be2 Nf6 18. Be3 Nbd7 19. g4 b5 20. g5 Nh5 21. Ne4 Nf4
22. d6 exd6 23. f6 Bh8 24. Nc3 Qa5 25. Bxf4 exf4 26. Nd5 Rfe8 27. Ne7+ Kf8 28.
Qxf4 Qb6+ 29. Kg2 Rad8 30. Qh4 h5 31. Bxh5 Rxe7 32. fxe7+ Kxe7 33. Bxg6 fxg6
34. Qh7+ Ke6 35. Qf7+ Ke5 36. Rbd1 Qc6+ 37. Kh2 Bf6 38. Rxf6 Nxf6 39. Qxf6+ Ke4
40. Qxd8 Qc5 41. Qe7+ Qe5+ 42. Qxe5+ dxe5 43. Rd6 a5 44. h4 b4 45. h5 a4 46.
hxg6 b3 47. axb3 axb3 48. cxb3 c3 49. g7 c2 50. Rc6 {
1-0 (50) Primel,D (1916) -Budak,R (2132) AVOINE 2019} 1-0

[Event "34ème Open International d'Avoine"]
[Site "AVOINE"]
[Date "2019.07.20"]
[Round "2.47"]
[White "Rubino, William"]
[Black "Chosson, Julien"]
[Result "1-0"]
[WhiteElo "2130"]
[BlackElo "1916"]
[PlyCount "119"]
[EventDate "2019.??.??"]
[WhiteTeam "Echiquier du Gâtinais"]
[BlackTeam "Thomas Bourgneuf - Creteil"]

1. e4 c5 2. Nf3 e6 3. d4 cxd4 4. Nxd4 Nf6 5. Bd3 Nc6 6. Be3 e5 7. Nb3 d5 8.
exd5 Nxd5 9. O-O Nxe3 10. fxe3 Be6 11. Nc3 Be7 12. Qf3 O-O 13. Bf5 Qc8 14. Bxe6
Qxe6 15. Nd5 e4 16. Qf5 Qxf5 17. Rxf5 g6 18. Nxe7+ Nxe7 19. Re5 Rfe8 20. Rd1
Nf5 21. Rxe8+ Rxe8 22. Kf2 Re7 23. Rd8+ Kg7 24. Nd4 Nxd4 25. exd4 f5 26. d5 Kf6
27. d6 Rf7 28. c4 Ke5 29. c5 Kd5 30. Rc8 a5 31. b3 Rd7 32. a3 f4 33. b4 axb4
34. axb4 g5 35. b5 h5 36. Ke2 g4 37. g3 f3+ 38. Ke3 Rf7 39. Rc7 Rf8 40. d7 f2
41. d8=Q+ Rxd8 42. Kxf2 Rf8+ 43. Ke2 Rf3 44. Rxb7 Kxc5 45. Re7 Kd4 46. b6 Rb3
47. Rd7+ Ke5 48. b7 Kf6 49. Kd2 Kg5 50. Kc2 Rb4 51. Kc3 Rb1 52. Kd4 Rb4+ 53.
Kc5 Rb2 54. Rd5+ Kf6 55. Rd6+ Ke5 56. Rb6 Rc2+ 57. Kb5 Rb2+ 58. Kc6 Rc2+ 59.
Kd7 Rd2+ 60. Ke7 {1-0 (60) Rubino,W (2130)-Chosson,J (1916) AVOINE 2019} 1-0

[Event "34ème Open International d'Avoine"]
[Site "AVOINE"]
[Date "2019.07.21"]
[Round "2.48"]
[White "Lafourcade, Victor"]
[Black "Burille, Matthieu"]
[Result "0-1"]
[WhiteElo "1909"]
[BlackElo "2121"]
[PlyCount "46"]
[EventDate "2019.??.??"]

1. e4 c5 2. Nf3 d6 3. d4 cxd4 4. Qxd4 Nf6 5. Bb5+ Bd7 6. Bxd7+ Qxd7 7. c4 Qg4
8. O-O Qxe4 9. Nc3 Qxd4 10. Nxd4 a6 11. Bg5 Nc6 12. Nxc6 bxc6 13. Rad1 h6 14.
Bxf6 gxf6 15. Rfe1 Kd7 16. Na4 Kc7 17. c5 d5 18. Nb6 Re8 19. Rd3 e5 20. b4 e4
21. Ra3 Kb7 22. Rg3 f5 23. Rf3 Bxc5 0-1

[Event "34ème Open International d'Avoine"]
[Site "AVOINE"]
[Date "2019.07.20"]
[Round "2.49"]
[White "Baron, Daniel"]
[Black "Caloone, Thomas"]
[Result "0-1"]
[WhiteElo "1905"]
[BlackElo "2111"]
[PlyCount "93"]
[EventDate "2019.??.??"]
[WhiteTeam "C.E. de Magnanville"]
[BlackTeam "Lille Université Club Echiquier du Nord"]

1. Nf3 Nf6 2. c4 g6 3. b3 Bg7 4. Bb2 O-O 5. g3 c6 6. Bg2 d5 7. O-O dxc4 8. bxc4
Be6 9. d3 Qb6 10. Qc2 Na6 11. Nbd2 Rad8 12. Rab1 Qc7 13. Ng5 Bf5 14. Nge4 Rfe8
15. Bxf6 exf6 16. Qb2 Bxe4 17. dxe4 Nc5 18. Qc2 Qe5 19. Rfd1 b6 20. f3 f5 21.
e3 Rd3 22. f4 Qe7 23. e5 Rc8 24. Nb3 Rxe3 25. Qd2 Rd3 26. Qe2 Rdd8 27. Rxd8+
Rxd8 28. Rd1 Rxd1+ 29. Qxd1 Ne4 30. Qd4 f6 31. e6 Qxe6 32. Nd2 Nc5 33. h3 Bf8
34. Kh2 Kg7 35. Qd8 Qd6 36. Qxd6 Bxd6 37. Bxc6 g5 38. fxg5 fxg5 39. Kg2 Kf6 40.
g4 fxg4 41. hxg4 Ke7 42. Nb3 Nd3 43. Kf3 Nb4 44. Be4 Nxa2 45. Bxh7 Bb4 46. Ke2
a5 47. Nd4 {0-1 (47) Baron,D (1905)-Caloone,T (2111) AVOINE 2019} 0-1

[Event "34ème Open International d'Avoine"]
[Site "AVOINE"]
[Date "2019.07.20"]
[Round "2.50"]
[White "Briand, Amaury"]
[Black "Afraoui, Anaelle"]
[Result "0-1"]
[WhiteElo "1896"]
[BlackElo "2110"]
[PlyCount "120"]
[EventDate "2019.??.??"]
[WhiteTeam "Carquefou Echecs"]
[BlackTeam "Clichy-Echecs-92"]

1. e4 c5 2. Nf3 Nc6 3. d4 cxd4 4. Nxd4 Nf6 5. Nc3 d6 6. Nb3 e6 7. Be3 Be7 8.
Be2 O-O 9. O-O a6 10. f4 b5 11. Bf3 Bb7 12. Qe1 Qc7 13. Qg3 b4 14. Na4 Nd8 15.
Nb6 Rb8 16. e5 dxe5 17. fxe5 Ne4 18. Bxe4 Bxe4 19. Qf2 Nc6 20. Nc4 Bd5 21. Nbd2
Bxc4 22. Nxc4 Nxe5 23. Nxe5 Qxe5 24. Bd4 Qg5 25. Rae1 Rb5 26. Re3 Rf5 27. Rf3
Rxf3 28. Qxf3 Bc5 29. Qf2 Bxd4 30. Qxd4 a5 31. h3 Rc8 32. Qd7 Qc5+ 33. Kh1 Qc7
34. Rxf7 Qxd7 35. Rxd7 Rxc2 36. Ra7 Rxb2 37. Rxa5 Kf7 38. Kh2 Kf6 39. Kg3 Rc2
40. Rb5 Rc4 41. Ra5 Rc3+ 42. Kh2 g6 43. Ra4 Ra3 44. Rxb4 Rxa2 45. Kg3 Kf5 46.
Kf3 Ra3+ 47. Kf2 e5 48. Rc4 h6 49. Rb4 Rd3 50. Ra4 Rd4 51. Ra2 Kf4 52. g3+ Ke4
53. Re2+ Kf5 54. Re3 Rd1 55. Kf3 e4+ 56. Kf2 Rd2+ 57. Kf1 Rd3 58. Ke2 Rxe3+ 59.
Kxe3 Ke5 60. h4 h5 {0-1 (60) Briand,A (1896)-Afraoui,A (2110) AVOINE 2019} 0-1